00000000nam 2200000zi 4500
0019.937035
003CaOODSP
00520241122141940
006m     o  d f      
007cr |n|||||||||
008240415s1981    qucab   ob   f|0| 0 fre d
040 |aCaOODSP|bfre|erda|cCaOODSP
043 |an-cn-qu
0861 |aCW66-1529/1981F-PDF
1001 |aRheault, Danielle, |eauteur.
24510|aÉvaluation du potentiel d'un programme d'interprétation dans les Îles de Contrecoeur / |cDanielle Rheault; Marie-France Delagrave; Martine Goulet; Roch Nadeau.
264 1|a[Sainte-Foy, Québec] : |b[Service canadien de la faune], |c[1981]
300 |a1 ressource en ligne (143 pages) : |bcartes, illustrations
336 |atexte|btxt|2rdacontent/fre
337 |ainformatique|bc|2rdamedia/fre
338 |aressource en ligne|bcr|2rdacarrier/fre
500 |aÉdition numérisée de l’imprimé [par Environnement et changement climatique Canada].
504 |aComprend des références bibliographiques.
650 6|aParcs nationaux|xProgrammes d'interprétation|zQuébec (Province)
650 0|aNational parks and reserves|xInterpretive programs|zQuébec (Province)
651 6|aRéserve nationale de faune des Îles-de-Contrecoeur (Québec)
651 0|aÎles de Contrecoeur National Wildlife Area (Québec)
7102 |aService canadien de la faune, |eorganisme de publication.
85640|qPDF|s24.30 Mo|uhttps://publications.gc.ca/collections/collection_2024/eccc/cw66/CW66-1529-1981-fra.pdf